|
|
|
|
| LEADER |
00000nam a2200000 4500 |
| 001 |
vtls012154871 |
| 003 |
SK-MaSNL |
| 005 |
20260301151700.0 |
| 008 |
221124s2022 rb oa grn 001 0bslo |
| 015 |
|
|
|a SNBZSA2024/03
|
| 020 |
|
|
|a 9788671035859
|q (brožované)
|
| 040 |
|
|
|a SNK
|b slo
|c SNK
|e rda
|
| 041 |
0 |
|
|a slo
|
| 044 |
|
|
|a rb
|c RS
|
| 072 |
|
7 |
|a 929
|x Biografie
|2 konspekt
|
| 080 |
|
|
|a 821.162.4-055.1
|2 2011
|
| 080 |
|
|
|a 929(092)
|2 2011
|
| 080 |
|
|
|a (047.53)
|2 2011
|
| 100 |
1 |
|
|a Hronec, Víťazoslav,
|d 1944-
|4 aut
|9 227276
|
| 245 |
1 |
0 |
|a Rozhovory
|c Víťazoslav Hronec
|
| 264 |
|
1 |
|a Báčsky Petrovec
|b Slovenské vydavateľské centrum
|c 2022
|
| 300 |
|
|
|a 264 strán
|b fotografie, ilustrácie
|c 20 cm
|
| 336 |
|
|
|a text
|b txt
|2 rdacontent
|
| 337 |
|
|
|a bez média
|b n
|2 rdamedia
|
| 338 |
|
|
|a zväzok
|b nc
|2 rdacarrier
|
| 366 |
|
|
|e 150 kusov
|
| 490 |
1 |
|
|a Predsa koľaj
|v Zv. 8
|
| 500 |
|
|
|a Obsahuje poznámku o autorovi
|
| 500 |
|
|
|a Obsahuje poznámky
|
| 504 |
|
|
|a Obsahuje bibliografické odkazy a menný register
|
| 600 |
1 |
7 |
|a Hronec, Víťazoslav,
|d 1944-
|2 SNKMA
|9 227276
|
| 650 |
0 |
7 |
|a slovenskí spisovatelia
|2 SNKPH
|9 1258
|
| 650 |
0 |
7 |
|a Slovak authors
|2 SNKPHeng
|9 268018
|
| 655 |
|
7 |
|a rozhovory
|2 SNKPH
|9 31831
|
| 655 |
|
7 |
|a Interviews
|2 SNKPHeng
|9 266520
|
| 655 |
|
7 |
|a Biography
|2 SNKPHeng
|9 266314
|
| 655 |
|
7 |
|a biografie
|2 SNKPH
|9 27965
|
| 830 |
|
0 |
|a Predsa koľaj
|9 371549
|
| 852 |
|
|
|a Slovenská národná knižnica
|
| 919 |
|
|
|a 978-86-7103-585-9
|
| 954 |
|
|
|a odborná, vedecká literatúra pôvodná (slovenská)
|2 lita
|
| 958 |
|
|
|a ZS
|
| 958 |
|
|
|a BX
|
| 958 |
|
|
|a NB
|
| 999 |
|
|
|c 787313
|d 789243
|
| 952 |
|
|
|a SNK
|b SNK
|y PREZ
|7 0
|p 17A1538136
|o snkSD 91985
|i snk2023/15623
|8 2
|g 10.86
|0 0
|1 0
|4 0
|d 2022-11-24
|l 0
|r 2026-02-24 01:24:48
|w 2026-02-24
|
| 952 |
|
|
|a SNK
|b SNK
|y VYP
|7 0
|p 17A1574902
|o snkSD 91985 D1
|i snk2025/9650
|8 2
|g 10.86
|0 0
|1 0
|4 0
|d 2025-01-13
|l 0
|r 2026-02-24 01:24:48
|w 2026-02-24
|